000 00909cab a2200217 4500
001 ABS43480
008 090401t1990 xxu||||| |||| 00| 0 eng d
035 _a(Sirsi) u41954
041 _aeng
245 _aTown centre retail
260 _c1990
350 _a0
490 _aChartered Surveyor Weekly
_vSupplement 18 October 1990 32 pages LOAN
520 _aSurvey of retail property in town centres with features on why current transport policies favour out of town retail; recent Sunday Trading case law ; investment ; the growth of Beales department stores ; development in Leicester , Scotland and Northern Ireland ; development s due to open this year and the impact of tourism .
650 _aKIRKLEES MBC V WICKES BUILDING SUPPLIERS LTD
650 _aSHOPS ACT 1947 S47
650 _aTORFAEN COUNCIL V B AND Q
690 _aPROPERTY-COMMERCIAL PROPERTY
942 _n0
948 _c04/03/1997
999 _c26940
_d26940